| 000 | 00614nam a2200241Ia 4500 | ||
|---|---|---|---|
| 005 | 20260320201119.0 | ||
| 008 | 008 262003s9999 xx 000 0 eng d | ||
| 037 | _aEBOOK | ||
| 040 | _aCRL | ||
| 040 | _beng | ||
| 040 | _cCRL | ||
| 041 | _2eng | ||
| 041 | _aeng | ||
| 084 | _qCRL | ||
| 100 |
_aAbu-Rub _91134276 |
||
| 245 | 0 | _aPower Electronics for Renewable Energy Systems, Transportation and Industrial Applications | |
| 260 | _bIEEE | ||
| 260 | _c2014 | ||
| 856 | _uhttps://ieeexplore.ieee.org/servlet/opac?bknumber=7753049 | ||
| 942 | _cEBOOK | ||
| 999 |
_c1718980 _d1718980 |
||